Motivácia a jej vplyv na výkon zamestnancov diplomová práca

Gespeichert in:
Bibliographische Detailangaben
1. Verfasser: Jadroňová, Andrea
Körperschaft: Obchodná fakulta EU. Katedra marketingu
Weitere Verfasser: Čihovská, Viera
Format: Buch
Sprache:Slowakisch
Veröffentlicht: Bratislava 2008
Tags: Tag hinzufügen
Keine Tags, Fügen Sie das erste Tag hinzu!

MARC

LEADER 00000nam$a2200000$$$4500
001 0081625
005 20240201115641.5
041 0 |a slo 
044 |a SK 
245 1 0 |a Motivácia a jej vplyv na výkon zamestnancov  |b diplomová práca  |c Andrea Jadroňová ; škol. Viera Čihovská 
264 1 |a Bratislava  |c 2008 
300 |a 82 s. 
100 1 |a Jadroňová, Andrea 
700 1 |a Čihovská, Viera 
710 2 |a Obchodná fakulta EU. Katedra marketingu